Uniform Crime Reporting Program Data (United States): Property Stolen and Recovered, 2004

Since 1930, the Federal Bureau of Investigation has compiled the Uniform Crime Reports (UCR) to serve as periodic nationwide assessments of reported crimes not available elsewhere in the criminal justice system. Law enforcement agencies contribute reports either directly or through their state repor...

Descripción completa

Guardado en:  
Detalles Bibliográficos
Autor Corporativo: United States Department of Justice. Federal Bureau of Investigation. VerfasserIn (Autor)
Tipo de documento: Electrónico Research Data
Lenguaje:Inglés
Publicado: [Erscheinungsort nicht ermittelbar] [Verlag nicht ermittelbar] 2006
En:Año: 2006
Acceso en línea: Volltext (kostenfrei)
Verificar disponibilidad: HBZ Gateway
Palabras clave:

MARC

LEADER 00000cam a22000002c 4500
001 1840058676
003 DE-627
005 20260416204239.0
007 cr uuu---uuuuu
008 230324s2006 xx |||||o 00| ||eng c
024 7 |a 10.3886/ICPSR04463.v1  |2 doi 
035 |a (DE-627)1840058676 
035 |a (DE-599)KXP1840058676 
040 |a DE-627  |b ger  |c DE-627  |e rda 
041 |a eng 
084 |a 2,1  |2 ssgn 
110 2 |a United States Department of Justice. Federal Bureau of Investigation  |e VerfasserIn  |4 aut 
245 1 0 |a Uniform Crime Reporting Program Data (United States): Property Stolen and Recovered, 2004 
264 1 |a [Erscheinungsort nicht ermittelbar]  |b [Verlag nicht ermittelbar]  |c 2006 
336 |a Text  |b txt  |2 rdacontent 
337 |a Computermedien  |b c  |2 rdamedia 
338 |a Online-Ressource  |b cr  |2 rdacarrier 
520 |a Since 1930, the Federal Bureau of Investigation has compiled the Uniform Crime Reports (UCR) to serve as periodic nationwide assessments of reported crimes not available elsewhere in the criminal justice system. Law enforcement agencies contribute reports either directly or through their state reporting programs. Each year, this information is reported in four types of files: (1) Offenses Known and Clearances by Arrest, (2) Property Stolen and Recovered, (3) Supplementary Homicide Reports (SHR), and (4) Police Employee (LEOKA) Data. The Property Stolen and Recovered data are collected on a monthly basis by all UCR contributing agencies. These data, aggregated at the agency level, report on the nature of the crime, the monetary value of the property stolen, and the type of property stolen. Similar information regarding recovered property is also included in the data. 
540 |a ICPSR Terms of Use 
650 4 |a Uniform Crime Reports 
650 4 |a Arrests 
650 4 |a Crime rates 
650 4 |a Crime reporting 
650 4 |a Crime Statistics 
650 4 |a Larceny 
650 4 |a Law Enforcement 
650 4 |a Offenses 
650 4 |a property crime statistics 
650 4 |a Property crimes 
650 4 |a stolen property 
650 4 |a stolen property recovery 
655 7 |a Forschungsdaten  |0 (DE-588)1098579690  |0 (DE-627)857755366  |0 (DE-576)469182156  |2 gnd-content 
787 0 8 |i Forschungsdaten zu  |a Rosenfeld, Richard  |t The case of the unsolved crime decline  |d 2004  |w (DE-627)1912473232 
787 0 8 |i Forschungsdaten zu  |a Federal Bureau of Investigation  |t Crime in the United States 2004  |d United States Department of Justice, Federal Bureau of Investigation, 2004  |h Online-Ressource  |w (DE-627)1912498596 
787 0 8 |i Forschungsdaten zu  |a Marcotte, Dave E.  |t A cure for crime? Psycho-pharmaceuticals and crime trends  |d 2011  |w (DE-627)1912504057 
787 0 8 |i Forschungsdaten zu  |a Struyf, Pia  |t The effectiveness of DNA databases in relation to their purpose and content: A systematic review  |d 2019  |w (DE-627)1912527626 
787 0 8 |i Forschungsdaten zu  |a Doleac, Jennifer L.  |t The effects of DNA databases on crime  |d 2017  |w (DE-627)1912530996 
787 0 8 |i Forschungsdaten zu  |a Heflin, Justin C.  |t Essays on Public Policy  |d [Erscheinungsort nicht ermittelbar] : West Virginia University, 2023  |w (DE-627)1912539918 
787 0 8 |i Forschungsdaten zu  |a Bush, Delsa R.  |t Perceived Justice and Barriers and Facilitators to the Attainment of Leadership Positions in Local and County Law Enforcement Organizations in the State of Florida  |d [Erscheinungsort nicht ermittelbar] : Lynn University, 2009  |w (DE-627)191264889X 
787 0 8 |i Forschungsdaten zu  |a Spelman, William  |t Prisons and Crime, Backwards in High Heels  |d 2013  |w (DE-627)1764278496 
787 0 8 |i Forschungsdaten zu  |a Gao, Ya  |t Property crime and lottery-related anomalies  |d 2024  |w (DE-627)1912667193 
787 0 8 |i Forschungsdaten zu  |a Bianchi, Giuliano  |t Testing effects of hospitality employment on property crime in the United States  |d 2021  |w (DE-627)1912722690 
856 4 0 |u https://doi.org/10.3886/ICPSR04463.v1  |x Resolving-System  |z kostenfrei  |3 Volltext  |7 0 
935 |a mkri 
951 |a BO 
ELC |a 1 
LOK |0 000 xxxxxcx a22 zn 4500 
LOK |0 001 4296806300 
LOK |0 003 DE-627 
LOK |0 004 1840058676 
LOK |0 005 20230324125257 
LOK |0 008 230324||||||||||||||||ger||||||| 
LOK |0 035   |a (DE-2619)ICPSR4463 
LOK |0 040   |a DE-2619  |c DE-627  |d DE-2619 
LOK |0 092   |o n 
LOK |0 852   |a DE-2619 
LOK |0 852 1  |9 00 
LOK |0 935   |a foda  |a nacj 
LOK |0 939   |a 2023-03-24  |b l01 
OAS |a 1 
ORI |a WA-MARC-krimdoka001.raw